000 00641nam a2200181 a 4500
001 000017624
005 20200929165156.0
008 100329s1984 dr a 000 0 spa d
040 _aDO-SdBNP
_bspa
_cBNPHU
082 _axxx
_bC957c
100 1 _aCruz Gómez, Aquiles B.
_938431
245 1 0 _aContra las drogas ahora :
_bdespués sería muy tarde /
_cAquiles B. Cruz Gómez ; prólogo Norvo A. Pérez.
260 _aSanto Domingo :
_bTalleres de la Policia Nacional,
_c1984.
300 _a105 p. :
_bil. ;
_c23 cm.
504 _aIncluye referencias bibliográficas ( p. 104-105)
700 1 _aPérez, Norvo A.
_epról.
_938432
049 _aBNPD
999 _c17149
_d17149